Shadow in enternity / (Record no. 157542)
[ view plain ]
| 000 -LEADER | |
|---|---|
| fixed length control field | 00436nam a22001817a 4500 |
| 003 - CONTROL NUMBER IDENTIFIER | |
| control field | dpl |
| 005 - DATE AND TIME OF LATEST TRANSACTION | |
| control field | 20180918114800.0 |
| 008 - FIXED-LENGTH DATA ELEMENTS--GENERAL INFORMATION | |
| fixed length control field | 180918b ||||| |||| 00| 0 eng d |
| 010 ## - LIBRARY OF CONGRESS CONTROL NUMBER | |
| LC control number | B-228239 |
| 020 ## - INTERNATIONAL STANDARD BOOK NUMBER | |
| International Standard Book Number | 9788189013387 |
| Terms of availability | 0.00 |
| 035 ## - SYSTEM CONTROL NUMBER | |
| System control number | B-228239 |
| 040 ## - CATALOGING SOURCE | |
| Original cataloging agency | DPL |
| Language of cataloging | ENG |
| Transcribing agency | 0 |
| 082 ## - DEWEY DECIMAL CLASSIFICATION NUMBER | |
| Classification number | N |
| Item number | DHA |
| 100 ## - MAIN ENTRY--PERSONAL NAME | |
| Personal name | Dhar,Payal |
| 245 ## - TITLE STATEMENT | |
| Title | Shadow in enternity / |
| Statement of responsibility, etc | by Payal dhar |
| 300 ## - PHYSICAL DESCRIPTION | |
| Extent | 290p.: |
| Dimensions | 20cm |
| 942 ## - ADDED ENTRY ELEMENTS (KOHA) | |
| Source of classification or shelving scheme | Dewey Decimal Classification |
| Koha item type | English Books |
| Item part | N |
| Call number suffix | DHA |
| Withdrawn status | Lost status | Source of classification or shelving scheme | Damaged status | Not for loan | Collection code | Home library | Current library | Date acquired | Source of acquisition | Cost, normal purchase price | Total Checkouts | Total Renewals | Full call number | Barcode | Date last seen | Date checked out | Cost, replacement price | Price effective from | Koha item type |
|---|---|---|---|---|---|---|---|---|---|---|---|---|---|---|---|---|---|---|---|
| Dewey Decimal Classification | Non-fiction | Patel Nagar | Patel Nagar | 18/09/2018 | BPPD/PUB | 0.00 | 1 | 1 | DHA | B-228239 | 23/04/2022 | 26/03/2022 | 0.00 | 18/09/2018 | English Books |
